[Event "Ibague op"]
[Site "Ibague"]
[Date "2021.10.24"]
[Round "9"]
[White "Matoma, Yimmy"]
[Black "Gomez Perdomo, Jonathan"]
[Result "0-1"]
[WhiteElo "2015"]
[BlackElo "1720"]
[PlyCount "44"]
[EventDate "2021.10.20"]
[EventType "swiss"]
[EventRounds "9"]
[EventCountry "COL"]
[SourceTitle "CBM 204 Extra"]
[Source "ChessBase"]
[SourceDate "2021.11.30"]
[SourceVersion "1"]
[SourceVersionDate "2021.11.30"]
[SourceQuality "1"]

1. e4 e5 2. Nf3 Nf6 3. Bc4 Nc6 4. 0-0 Bc5 5. Nc3 d6 6. h3 0-0 7. a3 a6 8. d3 h6 9. Be3 Nd4 10. Bxd4 Bxd4 11. Nxd4 exd4 12. Ne2 c5 13. f4 Be6 14. Bxe6 fxe6 15. g4 Nh7 16. Qe1 e5 17. Qg3 Qe7 18. Kg2 b5 19. Rf2 g5 20. fxg5 Rxf2+ 21. Qxf2 Rf8 22. Qg3 Nxg5 0-1

[Event "Ibague op"]
[Site "Ibague"]
[Date "2021.10.22"]
[Round "5"]
[White "Tello, Nicolas Eduardo"]
[Black "Gomez Perdomo, Jonathan"]
[Result "0-1"]
[WhiteElo "1377"]
[BlackElo "1720"]
[PlyCount "58"]
[EventDate "2021.10.20"]
[EventType "swiss"]
[EventRounds "9"]
[EventCountry "COL"]
[SourceTitle "CBM 204 Extra"]
[Source "ChessBase"]
[SourceDate "2021.11.30"]
[SourceVersion "1"]
[SourceVersionDate "2021.11.30"]
[SourceQuality "1"]

1. d4 g6 2. e4 Bg7 3. Nf3 d5 4. e5 Bg4 5. c3 c6 6. h3 Bxf3 7. Qxf3 e6 8. Bd3 Ne7 9. Bg5 Qb6 10. b3 Nd7 11. 0-0 Nf5 12. Bxf5 exf5 13. Re1 0-0 14. e6 Nf6 15. Bxf6 Bxf6 16. exf7+ Kxf7 17. Nd2 Rfe8 18. g4 fxg4 19. hxg4 Kg7 20. Rxe8 Rxe8 21. Nf1 Qc7 22. Ng3 Bg5 23. Kg2 Rf8 24. Qe2 Bh4 25. Qe5+ Qxe5 26. dxe5 Kf7 27. Kh3 Bg5 28. Kg2 Ke6 29. c4 dxc4 0-1

[Event "COL-ch Amateur U2000"]
[Site "Paipa"]
[Date "2020.02.29"]
[Round "6"]
[White "Gomez Perdomo, Jonathan"]
[Black "Lizcano, Jair"]
[Result "0-1"]
[WhiteElo "1750"]
[BlackElo "1830"]
[PlyCount "148"]
[EventDate "2020.02.26"]
[EventType "swiss"]
[EventRounds "9"]
[EventCountry "COL"]
[SourceTitle "CBM 195 Extra"]
[Source "ChessBase"]
[SourceDate "2020.05.31"]
[SourceVersion "1"]
[SourceVersionDate "2020.05.31"]
[SourceQuality "1"]

1. d4 Nf6 2. Nf3 g6 3. c3 d5 4. h3 Bg7 5. Bg5 0-0 6. Nbd2 c5 7. e3 Nc6 8. Bd3 Qb6 9. Rb1 c4 10. Bc2 Qa5 11. Bxf6 Bxf6 12. a3 b5 13. 0-0 Qc7 14. Nh2 a5 15. f4 b4 16. Qf3 Bg7 17. g4 Qd6 18. Ra1 bxc3 19. bxc3 Rb8 20. Ra2 Bd7 21. h4 Rb6 22. g5 Rfb8 23. h5 Rb2 24. Rfa1 e6 25. hxg6 hxg6 26. Ng4 Rxa2 27. Rxa2 Kf8 28. e4 Bxd4+ 29. cxd4 Nxd4 30. Qh3 Qxf4 31. Qh8+ Ke7 32. Qf6+ Qxf6 33. gxf6+ Kd6 34. e5+ Kc5 35. Kf2 Nxc2 36. Rxc2 Ba4 37. Rc1 Rb2 38. Ke1 Kd4 39. Nf3+ Ke4 40. Ng5+ Kf5 41. Nxf7 Kxg4 42. Nd6 Kf4 43. f7 Rb8 44. Nxc4 dxc4 45. Rxc4+ Kxe5 46. Rxa4 Kf6 47. Rxa5 Kxf7 48. Kd2 Kf6 49. a4 e5 50. Rb5 Rd8+ 51. Ke3 Kf5 52. Ra5 Rb8 53. Ra7 Rb3+ 54. Ke2 Ke4 55. a5 Rb2+ 56. Kd1 g5 57. a6 Kf4 58. Rf7+ Kg3 59. a7 Ra2 60. Re7 g4 61. Rxe5 Rxa7 62. Ke2 Ra2+ 63. Kf1 Ra1+ 64. Ke2 Kh3 65. Re8 Kg2 66. Rd8 Rf1 67. Rg8 Rf2+ 68. Ke1 g3 69. Rh8 Rf1+ 70. Ke2 Rh1 71. Rg8 Rh4 72. Re8 Kh1 73. Rg8 g2 74. Kf2 Rh2 0-1

[Event "COL-ch Amateur U2000"]
[Site "Paipa"]
[Date "2020.02.29"]
[Round "7"]
[White "Gomez Perdomo, Jonathan"]
[Black "Rativa Jimenez, Cesar Daniel"]
[Result "0-1"]
[WhiteElo "1750"]
[BlackElo "1886"]
[PlyCount "42"]
[EventDate "2020.02.26"]
[EventType "swiss"]
[EventRounds "9"]
[EventCountry "COL"]
[SourceTitle "CBM 195 Extra"]
[Source "ChessBase"]
[SourceDate "2020.05.31"]
[SourceVersion "1"]
[SourceVersionDate "2020.05.31"]
[SourceQuality "1"]

1. e4 c6 2. Nf3 d5 3. exd5 cxd5 4. d4 Bg4 5. Bb5+ Nc6 6. 0-0 Nf6 7. Be3 e6 8. h3 Bh5 9. c3 Bd6 10. Nbd2 0-0 11. Bd3 e5 12. dxe5 Nxe5 13. Be2 Nxf3+ 14. Bxf3 Bg6 15. Bg5 Bc7 16. Re1 Qd6 17. Nf1 Rfd8 18. Qd4 Bb6 19. Qh4 h6 20. Bxf6 Qxf6 21. Qxf6 gxf6 0-1

[Event "COL-ch U2000"]
[Site "Moniquira"]
[Date "2019.07.20"]
[Round "2"]
[White "Conti, Julian"]
[Black "Gomez Perdomo, Jonathan"]
[Result "1-0"]
[WhiteElo "1953"]
[BlackElo "1823"]
[PlyCount "67"]
[EventDate "2018.07.19"]
[EventType "swiss"]
[EventRounds "7"]
[EventCountry "COL"]
[SourceTitle "EXT 2021"]
[Source "ChessBase"]
[SourceDate "2020.10.23"]
[SourceVersion "1"]
[SourceVersionDate "2020.10.23"]
[SourceQuality "1"]

1. e4 e5 2. Nf3 Nf6 3. Nxe5 Qe7 4. d4 d6 5. Nf3 Nxe4 6. Be2 d5 7. 0-0 Be6 8. c4 c6 9. Nc3 Nxc3 10. bxc3 Qc7 11. Ng5 Bd6 12. h3 0-0 13. Qd3 g6 14. c5 Bf4 15. Nxe6 fxe6 16. Bxf4 Qxf4 17. g3 Qf5 18. Kg2 Qxd3 19. Bxd3 Nd7 20. f4 b5 21. a4 a6 22. Rf2 Nf6 23. Rfa2 Rac8 24. axb5 axb5 25. Ra7 Rf7 26. Rxf7 Kxf7 27. Ra7+ Ke8 28. g4 Nd7 29. h4 Kd8 30. h5 gxh5 31. g5 Rc7 32. Rxc7 Kxc7 33. Bxh7 Kb7 34. g6 1-0

[Event "COL-ch U2000"]
[Site "Moniquira"]
[Date "2019.07.19"]
[Round "1"]
[White "Gomez Perdomo, Jonathan"]
[Black "Velez Rueda, Juan Diego"]
[Result "0-1"]
[WhiteElo "1823"]
[BlackElo "1920"]
[PlyCount "118"]
[EventDate "2018.07.19"]
[EventType "swiss"]
[EventRounds "7"]
[EventCountry "COL"]
[SourceTitle "EXT 2021"]
[Source "ChessBase"]
[SourceDate "2020.10.23"]
[SourceVersion "1"]
[SourceVersionDate "2020.10.23"]
[SourceQuality "1"]

1. d4 Nf6 2. c4 e6 3. Nc3 Bb4 4. Bg5 c5 5. e3 Qa5 6. Bxf6 Bxc3+ 7. Ke2 Bxb2 8. Bxg7 Rg8 9. Rb1 Qxa2 10. Qc2 Rxg7 11. Rxb2 Qa6 12. dxc5 e5 13. Nf3 Qe6 14. Qe4 Nc6 15. Qd5 a5 16. Qxe6+ dxe6 17. Nd2 a4 18. Nb1 Na5 19. Na3 Nb3 20. g3 Bd7 21. Bg2 Bc6 22. Bxc6+ bxc6 23. Rd1 Ra5 24. Ra2 Rxc5 25. Kd3 Ke7 26. Kc3 Ra5 27. Nc2 Rg8 28. Nb4 Rc8 29. Nd3 f6 30. Rb1 Raa8 31. Nc1 Nxc1 32. Rxc1 Rcb8 33. Ra3 c5 34. Rc2 Rb4 35. Kd3 f5 36. e4 Rd8+ 37. Ke3 Rd4 38. exf5 exf5 39. Rac3 e4 40. f3 Kd6 41. Kf4 Kc6 42. Kxf5 exf3 43. g4 f2 44. Rxf2 Rbxc4 45. Rg3 Kb5 46. Rff3 Kb4 47. h3 Rc1 48. Kf6 c4 49. Kg7 Rd7+ 50. Kh6 c3 51. Rf6 Rb7 52. Rgf3 a3 53. Ra6 Kb3 54. Rff6 a2 55. Rfb6+ Rxb6+ 56. Rxb6+ Kc2 57. Ra6 a1Q 58. Rxa1 Rxa1 59. Kxh7 Rh1 0-1

[Event "Tunja Boyacense op"]
[Site "Tunja"]
[Date "2018.12.14"]
[Round "3"]
[White "Gomez Perdomo, Jonathan"]
[Black "Gonzalez Lopez, Eulises"]
[Result "0-1"]
[WhiteElo "1755"]
[BlackElo "1600"]
[PlyCount "98"]
[EventDate "2018.12.13"]
[EventType "swiss"]
[EventRounds "7"]
[EventCountry "COL"]
[SourceTitle "CBM 187 Extra"]
[Source "ChessBase"]
[SourceDate "2018.11.04"]
[SourceVersion "1"]
[SourceVersionDate "2018.11.04"]
[SourceQuality "1"]

1. e4 a6 2. d4 b5 3. Nf3 Bb7 4. e5 e6 5. Be3 Ne7 6. Bd3 Nd5 7. Bd2 c5 8. c3 cxd4 9. cxd4 Be7 10. 0-0 Nc6 11. a3 Rc8 12. Nc3 Nxc3 13. bxc3 0-0 14. Qe2 Na5 15. Rfb1 Nc4 16. Bc1 Bd5 17. a4 Rb8 18. axb5 axb5 19. Nd2 Qc7 20. Nxc4 Bxc4 21. Bd2 d5 22. exd6 Bxd6 23. g3 Qc6 24. Bxc4 bxc4 25. Be3 Rb3 26. Qc2 Rfb8 27. Rxb3 cxb3 28. Qb2 Qc4 29. Bc1 e5 30. Be3 exd4 31. Bxd4 h5 32. Kg2 Qd5+ 33. Kg1 h4 34. f4 h3 35. Bxg7 Ra8 36. Rxa8+ Qxa8 37. Bd4 Qa2 38. c4 Bc5 39. Kf1 Bxd4 40. Qxd4 Qg2+ 41. Ke1 Qh1+ 42. Kd2 Qxh2+ 43. Kc3 Qxg3+ 44. Kb4 h2 45. Qd8+ Kh7 46. Qd5 b2 47. Qxf7+ Qg7 48. Qf5+ Kg8 49. Qe4 Qb7+ 0-1

[Event "COL-ch"]
[Site "Bogota"]
[Date "2018.11.12"]
[Round "9"]
[White "Gomez Perdomo, Jonathan"]
[Black "Toro Castaneda, Miguel Angel"]
[Result "0-1"]
[WhiteElo "1782"]
[BlackElo "1937"]
[PlyCount "42"]
[EventDate "2018.11.06"]
[EventType "swiss"]
[EventRounds "9"]
[EventCountry "COL"]
[SourceTitle "CBM 187 Extra"]
[Source "ChessBase"]
[SourceDate "2018.11.04"]
[SourceVersion "1"]
[SourceVersionDate "2018.11.04"]
[SourceQuality "1"]

1. d4 Nf6 2. Nc3 d5 3. Nf3 e6 4. Bg5 Be7 5. e3 0-0 6. Bd3 b6 7. h4 h6 8. Bxf6 Bxf6 9. g4 g6 10. Qe2 Bg7 11. 0-0-0 c5 12. b3 Qe7 13. Kb2 c4 14. Bxc4 dxc4 15. Qxc4 Ba6 16. Qa4 Rc8 17. Nb5 Bb7 18. Rh3 a6 19. Qa3 Qf6 20. g5 Qf5 21. Ne5 Qxc2+ 0-1

[Event "COL-ch"]
[Site "Bogota"]
[Date "2018.11.09"]
[Round "6"]
[White "Lopez Ramirez, Jorge Hernan"]
[Black "Gomez Perdomo, Jonathan"]
[Result "1-0"]
[WhiteElo "1968"]
[BlackElo "1782"]
[PlyCount "63"]
[EventDate "2018.11.06"]
[EventType "swiss"]
[EventRounds "9"]
[EventCountry "COL"]
[SourceTitle "CBM 187 Extra"]
[Source "ChessBase"]
[SourceDate "2018.11.04"]
[SourceVersion "1"]
[SourceVersionDate "2018.11.04"]
[SourceQuality "1"]

1. e4 e5 2. Bc4 Bc5 3. c3 Qf6 4. Nf3 Nc6 5. b4 Bb6 6. d3 h6 7. a4 a6 8. 0-0 d6 9. Be3 Bg4 10. Nbd2 Nge7 11. h3 Bxf3 12. Nxf3 g5 13. Qd2 Ng6 14. Bxb6 cxb6 15. b5 Na5 16. bxa6 bxa6 17. Bd5 Rb8 18. Rab1 0-0 19. Qe3 Nf4 20. Ba2 h5 21. Nh2 Qg6 22. Rxb6 Rbc8 23. Rc1 Nc6 24. Bc4 a5 25. Nf1 g4 26. h4 Qf6 27. Ng3 Ne7 28. Ba6 Rcd8 29. d4 Qxh4 30. Nf5 Nxf5 31. exf5 g3 32. fxg3 1-0

[Event "COL-ch"]
[Site "Bogota"]
[Date "2018.11.07"]
[Round "2"]
[White "Gomez Perdomo, Jonathan"]
[Black "Cabiativa, Juan Esteban"]
[Result "0-1"]
[WhiteElo "1782"]
[BlackElo "1321"]
[PlyCount "135"]
[EventDate "2018.11.06"]
[EventType "swiss"]
[EventRounds "9"]
[EventCountry "COL"]
[SourceTitle "CBM 187 Extra"]
[Source "ChessBase"]
[SourceDate "2018.11.04"]
[SourceVersion "1"]
[SourceVersionDate "2018.11.04"]
[SourceQuality "1"]

1. e4 e6 2. Nf3 d5 3. exd5 exd5 4. d4 Nf6 5. Bg5 Be7 6. Bd3 0-0 7. 0-0 h6 8. Be3 Nc6 9. c3 Re8 10. h3 Bd6 11. Qc1 Be6 12. Bxh6 gxh6 13. Qxh6 Bf8 14. Qg5+ Bg7 15. h4 Ne4 16. Qh5 Qf6 17. Ng5 Bf5 18. Nxe4 Bxe4 19. Bb5 a6 20. Ba4 b5 21. Bb3 Rad8 22. Nd2 Qg6 23. Qxg6 Bxg6 24. Rae1 Ne7 25. f4 a5 26. g4 a4 27. Bd1 Nc6 28. f5 Bh7 29. Bf3 Rxe1 30. Rxe1 Bf8 31. a3 Be7 32. h5 Bg5 33. Re2 Na5 34. Bg2 Nc4 35. Nxc4 bxc4 36. Kf2 c6 37. Ke1 Kf8 38. Kd1 Re8 39. Bf3 Rxe2 40. Bxe2 f6 41. Kc2 Ke7 42. Kb1 Kd6 43. Bd1 Bg8 44. Bxa4 c5 45. dxc5+ Kxc5 46. b4+ cxb3 47. Bxb3 Bf7 48. Kc2 Be8 49. a4 Bc6 50. Kd3 Bb7 51. Ke2 Ba6+ 52. Kf3 Bb7 53. Kg3 d4 54. cxd4+ Kxd4 55. Bd1 Kc5 56. Be2 Kb4 57. Bb5 Bd5 58. Kf2 Bb3 59. Kf3 Bd5+ 60. Ke2 Bb7 61. Bd3 Bg2 62. Bc2 Bc6 63. Bd1 Bxa4 64. Bxa4 Kxa4 65. Kd3 Kb5 66. Kd4 Kc6 67. Ke4 Kd6 68. Kd4 0-1

[Event "COL-ch Amateur U2000"]
[Site "Bogota"]
[Date "2018.02.17"]
[Round "5.28"]
[White "Cuellar Canosa, Nicolas"]
[Black "Gomez Perdomo, Jonathan"]
[Result "1-0"]
[WhiteElo "1701"]
[BlackElo "1859"]
[PlyCount "83"]
[EventDate "2018.02.15"]
[EventType "swiss"]
[EventRounds "7"]
[EventCountry "COL"]
[SourceTitle "EXT 2024"]
[Source "ChessBase"]
[SourceDate "2023.10.10"]
[SourceVersion "1"]
[SourceVersionDate "2023.10.10"]
[SourceQuality "1"]

1. e4 e5 2. Bc4 Nf6 3. d3 Bc5 4. Nc3 Nc6 5. Nf3 d6 6. Na4 Bb6 7. Nxb6 axb6 8. c3 Bg4 9. h3 Bxf3 10. Qxf3 Na5 11. Bb5+ c6 12. Ba4 b5 13. Bc2 b6 14. d4 0-0 15. 0-0 Qc7 16. b3 Ra7 17. a4 bxa4 18. Rxa4 b5 19. Ra1 Rfa8 20. Be3 exd4 21. Bxd4 c5 22. Bxf6 gxf6 23. Qxf6 Nc6 24. Rad1 Rd8 25. Rd3 Ne5 26. Rg3+ Ng6 27. h4 Kf8 28. h5 Qe7 29. Qf5 Ra2 30. hxg6 hxg6 31. Qh3 Qe5 32. f4 Qf6 33. Bd1 d5 34. e5 Qb6 35. Qh6+ Ke8 36. Qh8+ Kd7 37. Bg4+ Kc7 38. Qg7 c4+ 39. Kh2 Kb8 40. bxc4 dxc4 41. Qxf7 Rh8+ 42. Bh3 1-0

[Event "Tunja Liga Boyaca"]
[Site "Tunja"]
[Date "2017.12.17"]
[Round "7.19"]
[White "Gomez Perdomo, Jonathan"]
[Black "Reyes Aristizabal, Andres"]
[Result "1-0"]
[WhiteElo "1868"]
[BlackElo "1591"]
[PlyCount "61"]
[EventDate "2017.12.14"]
[EventType "swiss"]
[EventRounds "7"]
[EventCountry "COL"]
[SourceTitle "EXT 2024"]
[Source "ChessBase"]
[SourceDate "2023.10.10"]
[SourceVersion "1"]
[SourceVersionDate "2023.10.10"]
[SourceQuality "1"]

1. e4 c5 2. Nf3 d6 3. Bc4 Nc6 4. c3 Nf6 5. d3 h6 6. h3 Bd7 7. Bb3 b5 8. 0-0 e5 9. Bc2 Be7 10. Be3 d5 11. exd5 Nxd5 12. d4 Nxe3 13. fxe3 Qc8 14. d5 Bxh3 15. gxh3 Qxh3 16. dxc6 Qg3+ 17. Kh1 Qh3+ 18. Nh2 0-0 19. Qf3 Qxf3+ 20. Nxf3 Bd6 21. Bf5 a5 22. Nbd2 g6 23. Bd7 f5 24. Rg1 Rf6 25. Nh4 Kh7 26. Rg2 Raf8 27. Rag1 g5 28. Nxf5 Rxf5 29. Bxf5+ Rxf5 30. Ne4 Bc7 31. Rd1 1-0

[Event "COL-ch Amateur U2000"]
[Site "Bogota"]
[Date "2017.03.04"]
[Round "4"]
[White "Cuervo, Alexander"]
[Black "Gomez Perdomo, Jonathan"]
[Result "0-1"]
[WhiteElo "1767"]
[BlackElo "1876"]
[PlyCount "119"]
[EventDate "2017.03.02"]
[EventType "swiss"]
[EventRounds "7"]
[EventCountry "COL"]
[SourceTitle "CBM 177 Extra"]
[Source "ChessBase"]
[SourceDate "2017.04.27"]
[SourceVersion "1"]
[SourceVersionDate "2017.04.27"]
[SourceQuality "1"]

1. e4 e5 2. Nf3 Nf6 3. Nc3 d6 4. d4 exd4 5. Nxd4 Be7 6. Bc4 0-0 7. 0-0 c5 8. Nde2 a6 9. a4 Qc7 10. Ng3 Nc6 11. Bg5 Bg4 12. f3 Be6 13. Nd5 Nxd5 14. exd5 Ne5 15. Bxe7 Qxe7 16. Be2 Bd7 17. c4 f5 18. Re1 Qh4 19. Nf1 Rf6 20. g3 Qh3 21. f4 Ng6 22. Bf3 Raf8 23. Bg2 Qh6 24. Qe2 Kf7 25. Qf2 b6 26. Nd2 a5 27. Nf3 Nxf4 28. gxf4 Qxf4 29. b3 h6 30. Qe3 Qxe3+ 31. Rxe3 Re8 32. Rae1 Rxe3 33. Rxe3 Rg6 34. Kf2 Rg4 35. h3 Rg6 36. Ne1 Rf6 37. h4 f4 38. Rc3 g5 39. hxg5 hxg5 40. Nf3 Kg6 41. Nd2 Kf5 42. Rh3 Rf7 43. Rh6 g4 44. Rxd6 f3 45. Bf1 Kf4 46. Rg6 Bf5 47. Rh6 g3+ 48. Kg1 Ke3 49. Nxf3 Kxf3 50. Bg2+ Ke3 51. Rxb6 Kd4 52. Rb8 Re7 53. Rf8 Re1+ 54. Bf1 Bh3 55. Rf4+ Ke3 56. Rf8 Kd2 57. d6 g2 58. Rf2+ Ke3 59. Rxg2 Bxg2 60. Kxg2 0-1

[Event "COL-ch Amateur U2000"]
[Site "Bogota"]
[Date "2017.03.03"]
[Round "2"]
[White "Valcarcel Sierra, Gustavo"]
[Black "Gomez Perdomo, Jonathan"]
[Result "1-0"]
[WhiteElo "1727"]
[BlackElo "1876"]
[PlyCount "95"]
[EventDate "2017.03.02"]
[EventType "swiss"]
[EventRounds "7"]
[EventCountry "COL"]
[SourceTitle "CBM 177 Extra"]
[Source "ChessBase"]
[SourceDate "2017.04.27"]
[SourceVersion "1"]
[SourceVersionDate "2017.04.27"]
[SourceQuality "1"]

1. d4 Nf6 2. c4 d5 3. Nc3 e6 4. Bg5 Be7 5. Nf3 0-0 6. e3 a6 7. Be2 dxc4 8. Bxc4 b5 9. Bb3 Bb7 10. 0-0 Nbd7 11. Rc1 Rc8 12. Qe2 h6 13. Bf4 Nd5 14. Nxd5 exd5 15. Ne5 Nxe5 16. Bxe5 Bd6 17. Bxd6 Qxd6 18. Rc5 c6 19. Rfc1 Kh8 20. Qg4 f5 21. Qh5 Kh7 22. Qh3 Rce8 23. Bc2 g6 24. Bb3 Re7 25. Qh4 Rg7 26. g4 fxg4 27. Qxg4 Rf5 28. h4 Qf6 29. f4 Qe7 30. Kf2 h5 31. Qf3 Qxh4+ 32. Ke2 Re7 33. Kd3 Re6 34. Bxd5 Rxd5 35. f5 Rxc5 36. fxg6+ Rxg6 37. Rxc5 Kg7 38. Rxh5 Qe1 39. Qh3 Qd1+ 40. Kc3 b4+ 41. Kxb4 Qd2+ 42. Ka3 Qd3+ 43. b3 Rf6 44. Rg5+ Rg6 45. Qd7+ Kh6 46. Rxg6+ Kxg6 47. Qxb7 Qxe3 48. Qxc6+ 1-0

[Event "Medellin Antioquia Cup"]
[Site "Medellin"]
[Date "2016.10.15"]
[Round "6"]
[White "Blandon Villa, Diego F"]
[Black "Gomez Perdomo, Jonathan"]
[Result "1-0"]
[WhiteElo "2223"]
[BlackElo "1868"]
[PlyCount "87"]
[EventDate "2016.10.12"]
[EventType "swiss"]
[EventRounds "8"]
[EventCountry "COL"]
[SourceTitle "CBM 175 Extra"]
[Source "ChessBase"]
[SourceDate "2016.12.12"]
[SourceVersion "1"]
[SourceVersionDate "2016.12.12"]
[SourceQuality "1"]

1. e4 e5 2. Nf3 Nf6 3. Nxe5 Qe7 4. d4 d6 5. Nf3 Nxe4 6. Be2 d5 7. 0-0 Be6 8. c4 c6 9. Nc3 Nxc3 10. bxc3 Qc7 11. Re1 Be7 12. Ng5 Bxg5 13. Bxg5 0-0 14. c5 Re8 15. Bd3 Nd7 16. Qh5 g6 17. Qh6 Qa5 18. Bd2 Qd8 19. h4 Qf6 20. h5 Bf5 21. Be2 gxh5 22. Qxh5 Qg6 23. Qh2 Nf6 24. f3 Kh8 25. Bf4 Nh5 26. Bd6 Re3 27. Kf2 Rae8 28. Be5+ f6 29. Kxe3 fxe5 30. dxe5 Ng3 31. Kf2 Nxe2 32. Rxe2 Bd3 33. Re3 Bc4 34. Rae1 Qc2+ 35. Kg1 Re6 36. Qh3 Qg6 37. f4 Re8 38. f5 Qg5 39. e6 Bxa2 40. Qf3 Kg7 41. Qf2 Kh8 42. Qxa2 Qxf5 43. e7 Qd7 44. Qf2 1-0

[Event "Bogota Millonario op"]
[Site "Bogota"]
[Date "2015.12.18"]
[Round "1"]
[White "Gonzalez Lopez, Nicolas Mateo"]
[Black "Gomez Perdomo, Jonathan"]
[Result "1-0"]
[WhiteElo "2046"]
[BlackElo "1861"]
[PlyCount "55"]
[EventDate "2015.12.18"]
[EventType "swiss"]
[EventRounds "9"]
[EventCountry "COL"]
[SourceTitle "EXT 2017"]
[Source "ChessBase"]
[SourceDate "2016.10.25"]
[SourceVersion "1"]
[SourceVersionDate "2016.10.25"]
[SourceQuality "1"]

1. e4 e5 2. Nf3 Nc6 3. Bb5 d6 4. d4 Bd7 5. 0-0 Nf6 6. Re1 Be7 7. c3 0-0 8. h3 a6 9. Ba4 Qc8 10. Nbd2 b5 11. Bb3 a5 12. Nf1 h6 13. Ng3 Rb8 14. Be3 Nh7 15. Qd2 g5 16. Bd5 exd4 17. Nxd4 Nxd4 18. cxd4 a4 19. e5 c6 20. Rac1 Qa6 21. Be4 d5 22. Bf5 Be6 23. Qd3 Bxf5 24. Nxf5 Bb4 25. Re2 h5 26. Bxg5 c5 27. Qg3 f6 28. Bxf6+ 1-0

[Event "Tercer Piso op"]
[Site "Tercer Piso"]
[Date "2015.03.22"]
[Round "5"]
[White "Gomez Perdomo, Jonathan"]
[Black "Acosta Neira, Jaime"]
[Result "1-0"]
[WhiteElo "1867"]
[BlackElo "1626"]
[PlyCount "61"]
[EventDate "2015.03.21"]
[EventType "swiss"]
[EventRounds "7"]
[EventCountry "COL"]
[SourceTitle "CBM 165 Extra"]
[Source "ChessBase"]
[SourceDate "2015.04.21"]
[SourceVersion "1"]
[SourceVersionDate "2015.04.21"]
[SourceQuality "1"]

1. d4 Nf6 2. g3 d5 3. Bg2 e6 4. Nf3 Be7 5. Nc3 0-0 6. h4 b6 7. a3 Bb7 8. h5 h6 9. Bf4 Nbd7 10. Nb5 c6 11. Nc3 a6 12. Qd2 c5 13. e3 cxd4 14. exd4 Ne4 15. Qe3 Nxc3 16. bxc3 Nf6 17. Ne5 Rc8 18. g4 Ne4 19. Bxe4 dxe4 20. Rg1 Bg5 21. Bxg5 Qxg5 22. Qxg5 hxg5 23. Kd2 b5 24. a4 f6 25. Ng6 Rfd8 26. axb5 axb5 27. Ra7 Rc7 28. Rb1 Rdc8 29. Rxb5 e3+ 30. fxe3 Rxc3 31. Ne7+ 1-0

[Event "Tercer Piso op"]
[Site "Tercer Piso"]
[Date "2015.03.22"]
[Round "4"]
[White "Torres Rojas, Yuber Andres"]
[Black "Gomez Perdomo, Jonathan"]
[Result "1-0"]
[WhiteElo "1981"]
[BlackElo "1867"]
[PlyCount "71"]
[EventDate "2015.03.21"]
[EventType "swiss"]
[EventRounds "7"]
[EventCountry "COL"]
[SourceTitle "CBM 165 Extra"]
[Source "ChessBase"]
[SourceDate "2015.04.21"]
[SourceVersion "1"]
[SourceVersionDate "2015.04.21"]
[SourceQuality "1"]

1. e4 e5 2. Nf3 Nf6 3. Nc3 d6 4. Bc4 Be7 5. d3 0-0 6. h3 Be6 7. Bb3 h6 8. 0-0 c5 9. Nh2 Nh7 10. f4 Bxb3 11. axb3 Nc6 12. f5 Bg5 13. Nd5 Bxc1 14. Rxc1 Nf6 15. Nxf6+ Qxf6 16. Ng4 Qg5 17. c3 g6 18. Rf3 h5 19. Ne3 Ne7 20. Qe1 Kh7 21. f6 Ng8 22. h4 Qh6 23. Qg3 Rfe8 24. Rcf1 Re6 25. Nd5 Rc8 26. Qh3 Qf8 27. g4 Qh6 28. Rg3 hxg4 29. Rxg4 Rc6 30. h5 g5 31. Qf3 Qxh5 32. Qf5+ Qg6 33. Rxg5 Qxf5 34. Rfxf5 Ra6 35. Rh5+ Nh6 36. Rfg5 1-0

[Event "Tercer Piso op"]
[Site "Tercer Piso"]
[Date "2015.03.21"]
[Round "2"]
[White "Gomez Perdomo, Jonathan"]
[Black "Prado, Leonardo"]
[Result "0-1"]
[WhiteElo "1867"]
[BlackElo "2006"]
[PlyCount "52"]
[EventDate "2015.03.21"]
[EventType "swiss"]
[EventRounds "7"]
[EventCountry "COL"]
[SourceTitle "CBM 165 Extra"]
[Source "ChessBase"]
[SourceDate "2015.04.21"]
[SourceVersion "1"]
[SourceVersionDate "2015.04.21"]
[SourceQuality "1"]

1. d4 Nf6 2. g3 d6 3. Bg2 Nbd7 4. Nc3 e5 5. dxe5 dxe5 6. Bg5 Be7 7. Qd3 0-0 8. 0-0-0 Re8 9. Bxf6 Bxf6 10. e4 c6 11. f4 Qa5 12. f5 b5 13. a3 Nb6 14. Nb1 Nc4 15. Nd2 Ba6 16. Ngf3 Rab8 17. Nb3 Qb6 18. Qe2 b4 19. Bf1 bxa3 20. bxa3 Be7 21. Qxc4 Bxa3+ 22. Kb1 Bxc4 23. Bxc4 Qb4 24. Ka2 Qxc4 25. Kxa3 Qxc2 26. Rb1 Rb6 0-1

[Event "Mosquera op"]
[Site "Mosquera"]
[Date "2014.11.02"]
[Round "6"]
[White "Gomez Perdomo, Jonathan"]
[Black "Prieto, Ernesto"]
[Result "1/2-1/2"]
[WhiteElo "1810"]
[BlackElo "2089"]
[PlyCount "77"]
[EventDate "2014.10.30"]
[EventType "swiss"]
[EventRounds "9"]
[EventCountry "COL"]
[SourceTitle "EXT 2015"]
[Source "ChessBase"]
[SourceDate "2014.11.20"]
[SourceVersion "1"]
[SourceVersionDate "2014.11.20"]
[SourceQuality "1"]

1. d4 Nf6 2. Nf3 g6 3. g3 Bg7 4. Bg2 0-0 5. 0-0 d6 6. Nc3 d5 7. Ne5 c6 8. f4 Ng4 9. Nxg4 Bxg4 10. h3 Bc8 11. g4 f5 12. g5 e6 13. e3 h6 14. h4 hxg5 15. hxg5 Na6 16. Ne2 c5 17. c3 b5 18. Bd2 Rb8 19. b4 cxd4 20. exd4 Bd7 21. a3 Qb6 22. Kh2 Kf7 23. Kg3 Rh8 24. Qc2 Rbc8 25. Qd3 Nc7 26. Rh1 Qd6 27. Rxh8 Rxh8 28. Rh1 Rxh1 29. Bxh1 Na8 30. Nc1 Nb6 31. Nb3 Nc4 32. Bc1 Qf8 33. Nc5 Bc8 34. Bf3 Qh8 35. Qe2 a6 36. Qh2 Qxh2+ 37. Kxh2 Bf8 38. Nd3 Bd6 39. Kg3 1/2-1/2

[Event "Mosquera op"]
[Site "Mosquera"]
[Date "2014.11.02"]
[Round "7"]
[White "Munoz, Julian Andres"]
[Black "Gomez Perdomo, Jonathan"]
[Result "1-0"]
[WhiteElo "2186"]
[BlackElo "1810"]
[PlyCount "25"]
[EventDate "2014.10.30"]
[EventType "swiss"]
[EventRounds "9"]
[EventCountry "COL"]
[SourceTitle "EXT 2015"]
[Source "ChessBase"]
[SourceDate "2014.11.20"]
[SourceVersion "1"]
[SourceVersionDate "2014.11.20"]
[SourceQuality "1"]

1. e4 e5 2. d4 exd4 3. Qxd4 Nc6 4. Qe3 b6 5. Bc4 Bc5 6. Qg3 g6 7. Nc3 Nd4 8. Qe5+ Qe7 9. Qxh8 Nxc2+ 10. Kd1 Nxa1 11. Qxg8+ Qf8 12. Bxf7+ Kd8 13. Bg5+ 1-0

[Event "Mosquera op"]
[Site "Mosquera"]
[Date "2014.11.01"]
[Round "4"]
[White "Manrique Ochoa, Fernando"]
[Black "Gomez Perdomo, Jonathan"]
[Result "0-1"]
[WhiteElo "2018"]
[BlackElo "1810"]
[PlyCount "52"]
[EventDate "2014.10.30"]
[EventType "swiss"]
[EventRounds "9"]
[EventCountry "COL"]
[SourceTitle "EXT 2015"]
[Source "ChessBase"]
[SourceDate "2014.11.20"]
[SourceVersion "1"]
[SourceVersionDate "2014.11.20"]
[SourceQuality "1"]

1. e4 e5 2. Nf3 Nf6 3. Nxe5 Qe7 4. d4 Nxe4 5. Be2 d6 6. Nf3 Bg4 7. 0-0 Nd7 8. h3 Bh5 9. Nc3 Nxc3 10. bxc3 0-0-0 11. a4 f6 12. Re1 Nb8 13. a5 Bxf3 14. Bxf3 Qf7 15. Qd3 d5 16. Bg4+ Nd7 17. a6 b6 18. Qb5 f5 19. Qc6 Nb8 20. Qb7+ Kd7 21. Bg5 Rc8 22. Re5 fxg4 23. Rxd5+ Bd6 24. Rxd6+ Kxd6 25. Rd1 Nc6 26. d5 Na5 0-1